000 00433nam a22001697a 4500
003 NUST - PNEC
005 20170116180919.0
008 150904b xxu||||| |||| 00| 0 eng d
020 _a3450197893
040 _cLIBRARY
082 _a620.416 REU
100 _97620
_aReuben, Robert
245 _aMaterials in marine technology
_cRobert Reuben
260 _cc.1994
650 _97623
_bMechanical Engineering
_xME
942 _2ddc
_cBK
999 _c65546
_d65546